00835nam a22002297a 4500003000400000005001700004008004100021020001500062037001500077040004000092041000800132082002100140245018400161260003700345300002900382504002800411650004100439650004200480700002400522700002900546700003000575OSt20250812091543.0250526b |||||||| |||| 00| 0 spa d a8497440080 bDonación aCO-JMCRcCO-JMCRbspadCO-JMCRerda0 aspa04a378.8 bE82e22300aEstudios sobre la universidad latinoamericana : bDe la colonia al siglo XXI, reformas universitarias / cDirectores : Diana Soto Arango, Manuel Lucena Salmoral y Carlos Rincón. aTunja : bRudecolombia, c[2002] a352 páginas ; c24 cm. aIncluye bibliografía.242JMCRaEducación superiorxHistoria242JMCRaReforma universitariaxHistoria1 aSoto Arango, Diana.1 aLucena Salmoral, Manuel.1 aRincón, Carlos, d1940-